000 00825nam a2200181 i 4500
001 53808
003 ES-MaACL
005 20250716000648.0
007 t|
008 931025s1870 sp ||||1| spa d
100 1 _aFernández Herrero, Manuel.
_949848
245 1 3 _aEl federalismo
_b: organización, resoluciones y conducta del partido, según el manifiesto de la Asamblea Federal : con varias consideraciones y declaraciones sobre lo que aguarda al pueblo de esta forma de gobierno y de los hombres que alcancen la misión de plantearlo /
_cpor Manuel Fernández Herrero.
260 _aMadrid :
_bGabriel Díaz y Compañía,
_c1870 (
_fImp. de la Viuda e Hijos de M. Alvarez)
300 _a64 p. ;
_c18 cm.
650 0 4 _aFederalismo-
_zEspaña-
_yS.XIX
_912740
852 _aES-MaACL
_jFol-Laf-473
999 _c53808
_d53808